| 000 | 01717nam a2200517 c 4500 | ||
|---|---|---|---|
| 001 | 5772 | ||
| 003 | ES-MaCES | ||
| 005 | 20221201040016.0 | ||
| 008 | 970708s1990 lu ||| | fre d | ||
| 035 | _aCES19980058182m | ||
| 040 |
_aES-MaCES _bspa _cES-MaCES |
||
| 100 | 1 |
_aSchintgen, Romain _923675 |
|
| 245 | 1 | 0 |
_aDroit du travail _cpar Romain Schintgen |
| 250 | _aEd. rev. mai 1990 | ||
| 260 |
_aLuxembourg _bService Information et Presse du Gouvernement _c1990 |
||
| 300 |
_a356 p. _c21 cm |
||
| 490 | 0 | _aDroit vivant | |
| 500 | _aPrecede al tit.: Grand-Duché de Luxembourg, Ministère du Travail | ||
| 504 | _aBibliografía: p. 393-395. Indices | ||
| 541 | _cGratuito | ||
| 650 | 4 |
_aderecho del trabajo _927165 |
|
| 650 | 4 |
_afuentes del Derecho _929917 |
|
| 650 | 4 |
_amercado de trabajo _928292 |
|
| 650 | 4 |
_acontrato de trabajo _928316 |
|
| 650 | 4 |
_acontrato de aprendizaje _929927 |
|
| 650 | 4 |
_aformación profesional _927394 |
|
| 650 | 4 |
_aconvenio colectivo _928361 |
|
| 650 | 4 |
_ahoras de trabajo _928335 |
|
| 650 | 4 |
_adescanso _928338 |
|
| 650 | 4 |
_aexcedencia _931240 |
|
| 650 | 4 |
_asistema de remuneración _928390 |
|
| 650 | 4 |
_arepresentación de los trabajadores _928379 |
|
| 650 | 4 |
_acomité de empresa _928912 |
|
| 650 | 4 |
_aconflicto de trabajo _928367 |
|
| 650 | 4 |
_aconciliación _927303 |
|
| 650 | 4 |
_aarbitraje _927302 |
|
| 650 | 4 |
_ainspección del trabajo _928213 |
|
| 650 | 4 |
_aempleo _928299 |
|
| 650 | 4 |
_adesempleo _928308 |
|
| 650 | 4 |
_acomentario _928971 |
|
| 653 | 1 | 0 | _aDerecho del trabajo y Seguridad Social |
| 710 | 1 |
_aLuxemburgo _bMinistère du travail _94443 |
|
| 902 | _aLIB Libro | ||
| 942 |
_2CES _cBK _h6.0.1. |
||
| 999 |
_c5772 _d5772 |
||